Most Recent Joining Member of the UN - Statistics

General Stats
  • This quiz has been taken 28 times
  • The average score is 6 of 10
Answer Stats
Date Joined Answer % Correct
14 July 2011 South Sudan
92%
27 September 2002 Timor-Leste
88%
28 June 2006 Montenegro
81%
1 November 2000 Serbia
69%
10 September 2002 Switzerland
65%
15 December 1994 Palau
46%
5 September 2000 Tuvalu
46%
14 September 1999 Nauru
38%
14 September 1999 Kiribati
35%
14 September 1999 Tonga
35%
No matching quizzes found
Score Distribution
Percent of People with Each Score
Percentile by Number Answered
Your Score History
You have not taken this quiz